000 00921nam a2200253 c 4500
999 _c51438
_d51438
001 51438
003 ES-MaCES
005 20200121102101.0
008 200114s2019 sp o000 | spa d
040 _aES-MaCES
_bspa
_cES-MaCES
110 1 _aEspaña
_bConsejo de Estado
_92748
245 1 0 _aMemoria del año 2018 que el Consejo de Estado en Pleno eleva al Gobierno, en cumplimiento de lo dispuesto en el artículo 20.2 de la Ley orgánica 3/1980, de 23 de abril
260 _aMadrid
_bConsejo de Estado
_c2019
300 _a403 p.
_c24 cm
541 _cGratuito
610 1 4 _aEspaña
_bConsejo de Estado
_92748
650 4 _amemoria anual
_928977
650 4 _ainforme de actividades
_928984
650 4 _a2018
_939065
653 1 0 _aAdministración-Instituciones públicas
787 0 _tMemoria del año 2017 que el Consejo de Estado (...)
_w(ES-MaCES)51336
902 _aLIB Libro
942 _2CES
_cBK
_h6.3.